<?xml version="1.0" encoding="UTF-8"?>
<collection xmlns="http://www.loc.gov/MARC21/slim">
 <record>
  <leader>00314pamaa2200133   4500</leader>
  <controlfield tag="001">0000023928</controlfield>
  <controlfield tag="005">20061123090000.0</controlfield>
  <datafield tag="020" ind1="0" ind2="0">
   <subfield code="a">0586048618 </subfield>
  </datafield>
  <datafield tag="090" ind1="0" ind2="0">
   <subfield code="a">PR6069.C68 </subfield>
   <subfield code="b">SCO 1979</subfield>
  </datafield>
  <datafield tag="100" ind1="1" ind2="0">
   <subfield code="a">SCOTT </subfield>
  </datafield>
  <datafield tag="245" ind1="1" ind2="4">
   <subfield code="a">The Shipkiller  </subfield>
   <subfield code="c">Justin Scott.</subfield>
  </datafield>
  <datafield tag="260" ind1="0" ind2="0">
   <subfield code="a">London: </subfield>
   <subfield code="b">Granada, </subfield>
   <subfield code="c">1979.</subfield>
  </datafield>
  <datafield tag="300" ind1=" " ind2=" ">
   <subfield code="a">431p.; </subfield>
   <subfield code="c">17cm.</subfield>
  </datafield>
  <datafield tag="650" ind1="0" ind2="0">
   <subfield code="a">Fiction </subfield>
  </datafield>
 </record>
</collection>
